00631cam a22002171 4500001001300000003000400013005001700017008004100034010001700075025001900092035002000111040002300131042001200154043001200166050001900178100004000197245007700237260003800314300001900352651004200371sa 64007984 DLC20260227112051.0881116s1963 ii 000 0 eng  asa 64007984  aPL480:I-E-3220 a(OCoLC)18769790 aDLCcWaUdWaUdDLC apremarc aa-ii---00aDS480.84b.M321 aMani, Annakavoor Doraiswamy,d1910-14aThe second report to the people of Madhya Pradesh, 1962,cby A. D. Mani. a[Nagpur,bHitavada Press,c1963?] a164 p.c24 cm. 0aIndiaxPolitics and governmenty1947-